[Event "Gibraltar Masters"]
[Site "Catalan Bay ENG"]
[Date "2004.02.03"]
[Round "8"]
[White "Eckhardt,L"]
[Black "Bellon Lopez,JuM"]
[Result "0-1"]
[WhiteElo "2096"]
[BlackElo "2429"]

1.d4 Nf6 2.Bg5 c5 3.Bxf6 gxf6 4.d5 Qb6 5.Qc1 f5 6.c4 Bg7 7.Nc3 d6 8.e3 Nd7
9.Nh3 h5 10.Nf4 h4 11.Qc2 Ne5 12.Be2 Rh6 13.O-O-O Bd7 14.g3 O-O-O 15.Nh5 Bh8
16.Qb3 Ng4 17.Bxg4 fxg4 18.Nf4 Bf5 19.Rhe1 hxg3 20.hxg3 Rh2 21.Rd2 Qa5 22.e4 Bd7
23.Qc2 Bd4 24.Kb1 Rdh8 25.Rde2 Qb4 26.Nd1 b5 27.b3 bxc4 28.Qxc4 Qa5 29.Rc2 Qxe1
30.Qxd4 Kb8 31.Qd3 Rh1 32.Rc1 Qb4 33.Kb2 Bb5 34.Qc2 Qd4+ 35.Nc3 Rxc1 36.Kxc1 Rh1+
37.Nd1 Re1 38.a4 Bf1 39.Qd2 Rxe4 40.Qa5 Kb7 41.Qd8 Re1 42.Qd7+ Ka6 43.Qc6+ Ka5
44.b4+ Kxb4 45.Nd3+ Bxd3 46.Qb7+ Ka3  0-1

[Event "TCh-CZE Extraliga 2003-4"]
[Site "Czech Rep CZE"]
[Date "2004.02.07"]
[Round "6"]
[White "Pisk,P"]
[Black "Jedlicka,A"]
[Result "1-0"]
[WhiteElo "2322"]
[BlackElo "2301"]

1.d4 Nf6 2.Bg5 g6 3.Bxf6 exf6 4.g3 Bg7 5.Bg2 f5 6.e3 d6 7.c4 Nd7 8.Ne2 Nf6
9.Nbc3 c6 10.Qd3 Bd7 11.Rb1 a5 12.a3 O-O 13.O-O a4 14.b4 axb3 15.Rxb3 Qc7
16.Rfb1 Ra7 17.h4 Rfa8 18.a4 Re8 19.R1b2 Bc8 20.Qb1 Qe7 21.Ra2 Ng4 22.Nf4 h6
23.Bf3 Nf6 24.a5 g5 25.Ng2 Ne4 26.Nxe4 fxe4 27.Be2 Bf6 28.h5 Qe6 29.Qd1 Bd8
30.d5 Qe5 31.Rba3 c5 32.Qb1 Ra6 33.g4 Rf8 34.Qd1 f5 35.gxf5 Qxf5 36.Qf1 Bf6
37.f3 exf3 38.Qxf3 Qb1+ 39.Qf1 Qe4 40.Bd3 Qe7 41.Rf2 Bg4 42.Bg6 Raa8 43.Raa2 Be5
44.Rxf8+ Rxf8 45.Rf2 Rxf2 46.Qxf2 Qf8 47.Bh7+ Kg7 48.Qc2 Bxh5 49.Bf5 Qf7
50.Be6 Qf3 51.Bc8 Bg6 52.Qd2 Qh3 53.Bxh3  1-0

[Event "FSGM February"]
[Site "Budapest HUN"]
[Date "2004.02.09"]
[Round "3"]
[White "Nguyen Ngoc Truongson"]
[Black "Papp,Ga"]
[Result "0-1"]
[WhiteElo "2436"]
[BlackElo "2420"]

1.d4 Nf6 2.Bg5 c5 3.dxc5 e6 4.Nc3 Bxc5 5.e4 h6 6.Bh4 Bb4 7.Bd3 d6 8.Ne2 Nbd7
9.O-O g5 10.Bg3 Nh5 11.a3 Nxg3 12.hxg3 Bxc3 13.Nxc3 a6 14.Be2 Qb6 15.Qd2 Ke7
16.a4 Nf6 17.a5 Qc7 18.Qe3 Bd7 19.Rad1 Rac8 20.Rd2 Qxa5 21.Rfd1 Qc5 22.Qxc5 Rxc5
23.Rxd6 Bc6 24.f4 Bxe4 25.Nxe4 Nxe4 26.Rd7+ Kf6 27.b4 Rc3 28.Bd3 Nxg3 29.fxg5+ hxg5
30.Kf2 Nf5 31.Rxb7 Rh4 32.Ke2 Rg4 33.Kd2 Rc6 34.Rg1 Nd6 35.Rb8 Nc4+ 36.Kc1 Ne3
37.Rb7 Rf4 38.Kb2 Rf2 39.Rc1 Nxg2 40.Be4 Rc8 41.Kb3 Nf4 42.c4 Re2 43.Bh1 g4
44.c5 g3 45.Ra7 g2 46.Bxg2 Rxg2 47.Rxa6 Nd3 48.Rf1+ Ke5 49.Kc4 Ke4 50.Rd6 Rc2+
51.Kb3 Re2 52.Rxf7 e5 53.c6 Rb2+ 54.Kc3 Rxb4 55.Rfd7 Rb6 56.Rxd3 Rbxc6+ 57.Kd2 Rc2+
58.Ke1 Rb2 59.Kd1 Rh8 60.Kc1 Re2 61.Ra3 Rh1+ 62.Rd1 Rhh2 63.Ra4+ Ke3 64.Ra3+ Kf2
65.Ra8 e4 66.Rf8+ Ke3 67.Rc8 Ra2 68.Rc3+ Ke2 69.Rc2+ Rxc2+ 70.Kxc2 e3 71.Rd8 Rh7  0-1

[Event "12th Aosta Open"]
[Site "St Vincent ITA"]
[Date "2004.02.13"]
[Round "7"]
[White "Prie,E"]
[Black "Nordahl,H"]
[Result "1/2-1/2"]
[WhiteElo "2429"]
[BlackElo "2346"]

1.d4 Nf6 2.Bg5 d5 3.e3 Ne4 4.Bf4 c5 5.Bd3 e6 6.Bxe4 dxe4 7.Nc3 cxd4 8.Qxd4 Qxd4
9.exd4 b6 10.Nxe4 Bb7 11.f3 Nc6 12.O-O-O Rd8 13.c3 Be7 14.Nh3 O-O 15.Rhe1 Rd5
16.Kb1 Rfd8 17.Nhf2 h6 18.Bc7 R8d7 19.Bf4 Ba6 20.Ng3 b5 21.b4 Bb7 22.a3 a5
23.Kc2 g5 24.Bc1 Rc7 25.Kb3 axb4 26.axb4 Bxb4 27.cxb4 Nxd4+ 28.Kb2 Rc2+ 29.Kb1 Rxf2
30.Ne4 Rxg2 31.Nf6+ Kf8 32.Nxd5 Nxf3 33.Nf6 Nxe1 34.Rxe1 Rxh2 35.Bb2 Ke7
36.Be5 Rh4 37.Kc2 Rxb4 38.Kd3 Ra4 39.Ng8+ Kd7 40.Nxh6 f5 41.Nf7 Be4+ 42.Kc3 g4
43.Nd6 Kc6 44.Nxe4 Rxe4 45.Rxe4 fxe4 46.Kd4 b4 47.Kxe4 b3 48.Kf4 Kd5 49.Bb2 e5+
50.Kxg4 Ke4  1/2-1/2

[Event "Tringov mem Open"]
[Site "Plovdiv BUL"]
[Date "2004.02.19"]
[Round "6"]
[White "Rusev,K"]
[Black "Zhekov,Z"]
[Result "1-0"]
[WhiteElo "2412"]
[BlackElo "2236"]

1.d4 Nf6 2.Bg5 d5 3.Bxf6 exf6 4.e3 Bf5 5.c4 Bxb1 6.Qxb1 Bb4+ 7.Kd1 O-O 8.c5 c6
9.a3 Ba5 10.Bd3 g6 11.Nf3 Nd7 12.g4 Bc7 13.h4 Re8 14.Ke2 Nf8 15.Qf1 Qd7 16.Qh3 b6
17.b4 a5 18.h5 Ne6 19.Kd2 Ng5 20.Nxg5 fxg5 21.hxg6 fxg6 22.Bxg6 Re7 23.Bf5  1-0

[Event "Premier"]
[Site "Portsmouth ENG"]
[Date "2004.02.21"]
[Round "3"]
[White "Wells,P"]
[Black "Sugden,J"]
[Result "1-0"]
[WhiteElo "2493"]
[BlackElo "2180"]

1.d4 Nf6 2.Bg5 c5 3.Bxf6 gxf6 4.d5 d6 5.e3 Na6 6.Bb5+ Bd7 7.Bxd7+ Qxd7 8.Ne2 Qg4
9.O-O Rg8 10.Ng3 Qxd1 11.Rxd1 e6 12.Nc3 O-O-O 13.f4 f5 14.e4 fxe4 15.Ncxe4 Be7
16.c4 Nc7 17.Rd2 Rg4 18.Rf1 Ne8 19.f5 exd5 20.f6 Bf8 21.Rxd5 Bh6 22.h3 Be3+
23.Kh1 Rf4 24.Re1 Bd4 25.Nh5 Rh4 26.g3 Rxh3+ 27.Kg2 Rxh5 28.Rxh5 Nxf6 29.Nxf6 Bxf6
30.Rxh7 Bxb2 31.Re7 Rd7 32.Rhxf7 Rxe7 33.Rxe7 b5 34.cxb5 c4 35.Kf3 d5 36.g4 d4
37.Re6 Kd7 38.Rc6 c3 39.Ke2 a6 40.a4 axb5 41.axb5 Bc1 42.Kd3 Be3 43.Rxc3  1-0

[Event "1st Balagne Open"]
[Site "Calvi FRA"]
[Date "2004.02.23"]
[Round "4"]
[White "Koziak,V"]
[Black "Ginsburg,G"]
[Result "0-1"]
[WhiteElo "2448"]
[BlackElo "2486"]

1.d4 Nf6 2.Bg5 d5 3.Bxf6 exf6 4.e3 Be6 5.Nd2 Bd6 6.Bd3 O-O 7.Qf3 Nc6 8.c3 Ne7
9.Ne2 Qd7 10.h3 c6 11.O-O-O b5 12.Kb1 Nc8 13.Nf4 Nb6 14.Nh5 Rfb8 15.e4 Bf8
16.Qg3 Kh8 17.Qh4 h6 18.Nb3 b4 19.exd5 cxd5 20.Nc5 Qc6 21.cxb4 Nc4 22.Bxc4 dxc4
23.Rd2 Rxb4 24.Qg3 Rab8 25.Ka1 Qb5 26.Qc3 Bxc5 27.dxc5 Qxc5 28.Nf4 Bf5 29.Re1 Qa5
30.Rd5 Rxb2  0-1

[Event "48th ch-BLR w"]
[Site "Minsk BLR"]
[Date "2004.02.24"]
[Round "5"]
[White "Eidelson,R"]
[Black "Gerasimovitch,O"]
[Result "1/2-1/2"]
[WhiteElo "2279"]
[BlackElo "2226"]

1.d4 d5 2.Bg5 Nf6 3.Bxf6 exf6 4.e3 g6 5.g3 Bg7 6.Bg2 O-O 7.Ne2 Bg4 8.h3 Bxe2
9.Qxe2 c6 10.O-O f5 11.c4 dxc4 12.Qxc4 Nd7 13.Nc3 Nb6 14.Qb3 h5 15.h4 Rb8
16.Rad1 Nd7 17.Qa3 a5 18.Qb3 Qb6 19.Qc2 Rfd8 20.Rd2 Nf6 21.Rc1 Rd6 22.Ne2 Nd5
23.Qc4 Rbd8 24.Bxd5 Rxd5 25.Nf4 R5d6 26.a3 Bf8 27.Nd3 Kg7 28.Qc3 Rd5 29.Rdc2 Kg8
30.Nf4 R5d7 31.Qc4 Kh7 32.Rc3 Bd6 33.Rb3 Qa7 34.Nd3 Kg7 35.Kg2 Re7 36.Nc5 Bxc5
37.Qxc5 Qxc5 38.Rxc5 Ra8 39.d5 Ra6 40.Kf3 Rd7 41.dxc6 bxc6 42.Ke2 Kf8 43.Re5 Kg7
44.Re8 Kf6 45.Rbb8 a4 46.Rb4 c5 47.Rb5 Rad6 48.Rc8 Rd2+ 49.Kf3 R7d5 50.Rbxc5 Rxc5
51.Rxc5 Rxb2 52.Ra5 Kg7 53.Rxa4 Ra2 54.Ra6 Kf8 55.a4 Kg7 56.a5 Kf8 57.Ra7 Kg7
58.a6 Kf8 59.Ra8+ Kg7 60.a7 Kf6 61.Kg2 Kg7 62.Kh3 Kf6 63.f3 Kg7 64.g4 hxg4+
65.fxg4 fxg4+ 66.Kxg4 Ra4+ 67.Kf3 Ra3 68.Kf4 Ra4+  1/2-1/2

[Event "ch-CZE"]
[Site "Karlovy Vary CZE"]
[Date "2004.02.25"]
[Round "9"]
[White "Stocek,J"]
[Black "Jansa,Vl"]
[Result "1/2-1/2"]
[WhiteElo "2552"]
[BlackElo "2477"]

1.d4 Nf6 2.Bg5 g6 3.Nc3 d5 4.Qd2 Bg7 5.Bh6 Bxh6 6.Qxh6 c5 7.dxc5 Qa5 8.O-O-O Nc6
9.Nf3 Qxc5 10.e3 Bg4 11.Be2 O-O-O 12.h3 Bxf3 13.Bxf3 d4 14.exd4 Nxd4 15.Qe3 Ne6
16.Qxc5+ Nxc5 17.Rxd8+ Rxd8 18.Re1 e6 19.b4 Na6 20.a3 Nc7 21.Ne4 Nxe4 22.Rxe4 b6
23.c3 Rd6 24.Kc2 Kd7 25.c4 f5 26.Re3 Ke7 27.Kc3 Kf6 28.c5 Rd8 29.cxb6 axb6
30.a4 e5 31.Bb7 e4 32.Kb3 Ne6 33.f3 Rd7 34.Bc8 Rd2 35.fxe4 f4 36.e5+ Kf5
37.Rc3 Kxe5 38.Bxe6 Kxe6 39.Rc2 Rd6 40.a5 bxa5 41.bxa5 g5 42.Ra2 Ra6 43.Kc4 h5
44.Kb5 Ra8 45.a6 g4 46.Kb6 gxh3 47.gxh3 Kf5 48.Ra5+ Ke4 49.Rxh5 f3 50.Rh7 Rb8+
51.Ka5 Rb1 52.a7 Ra1+ 53.Kb6 f2 54.Rf7 Ke3 55.h4 Ke2 56.h5 Rb1+ 57.Kc7 Rc1+
58.Kb8 Rb1+ 59.Kc8 Rc1+ 60.Kb8  1/2-1/2

[Event "1st Balagne Open"]
[Site "Calvi FRA"]
[Date "2004.02.27"]
[Round "8"]
[White "Bricard,E"]
[Black "Bicchierai,G"]
[Result "1-0"]
[WhiteElo "2453"]
[BlackElo "2095"]

1.d4 Nf6 2.Bg5 d5 3.e3 c6 4.Bd3 Qb6 5.Qc1 Nbd7 6.Nf3 e6 7.Nbd2 c5 8.c3 Bd6
9.O-O cxd4 10.exd4 h6 11.Bh4 Nh5 12.Re1 Nf4 13.Bf1 g5 14.Bg3 Qd8 15.Ne5 Qf6
16.Ndf3 a6 17.Qe3 b6 18.c4 Bb7 19.Nxd7 Kxd7 20.c5 bxc5 21.dxc5 d4 22.Nxd4 Bxc5
23.Rad1 Bd5 24.a3 Rhc8 25.b4 Bb6 26.a4 Ke8 27.Qd2 Kf8 28.Qb2 Kg8 29.Rd2 a5
30.b5 Bc5 31.Rc1 Bb4 32.Nc6 Qxb2 33.Rxb2 Ba3 34.Rbc2 Bxc1 35.Ne7+ Kf8 36.Nxc8 Ba3
37.Nb6 Rd8 38.Bxf4 gxf4 39.Nxd5 exd5 40.Bd3 Ke7 41.Kf1 Ke6 42.Ke2 Bd6 43.Kf3 Rd7
44.b6 Bb4 45.Ba6 Rd6 46.b7 Rb6 47.Rc6+ Rxc6 48.b8=Q Rc3+ 49.Kg4  1-0

[Event "ch-BRA"]
[Site "Rio de Janeiro BRA"]
[Date "2004.02.27"]
[Round "3"]
[White "Toth,Chr"]
[Black "Rocha,W"]
[Result "0-1"]
[WhiteElo "2344"]
[BlackElo "2440"]

1.d4 Nf6 2.Bg5 d5 3.e3 g6 4.Bxf6 exf6 5.Ne2 h5 6.h4 Bd6 7.g3 Bg4 8.Bg2 c6
9.Nd2 Qb6 10.b3 O-O 11.c4 Qa5 12.O-O Bb4 13.Nf3 Ba3 14.Nh2 Bf5 15.Nf4 dxc4
16.e4 Bd7 17.bxc4 Na6 18.Rb1 Rad8 19.Rxb7 Nb4 20.Qd2 Bc8 21.Rb8 c5 22.d5 Nc6
23.Qxa5 Nxa5 24.Ra8 Ba6 25.Rxa7 Ra8 26.Rxa8 Rxa8 27.Rd1 Nxc4 28.d6 Ne5 29.Bf1 c4
30.Nd5 Rd8 31.Nc7 c3 32.Nxa6 c2 33.Re1 Rxd6 34.Be2 Nd3 35.Bxd3 Rxd3 36.Nf3 Rd1  0-1

[Event "11th Metalis Open"]
[Site "Bizovac CRO"]
[Date "2004.02.28"]
[Round "5"]
[White "Kovacevic,B"]
[Black "Palac,M"]
[Result "1/2-1/2"]
[WhiteElo "2429"]
[BlackElo "2566"]

1.d4 Nf6 2.Bg5 d5 3.e3 c5 4.Bxf6 gxf6 5.dxc5 e6 6.Nd2 Bxc5 7.Ngf3 Nc6 8.Be2 f5
9.O-O Qf6 10.c4 dxc4 11.Nxc4 O-O 12.Rc1 b6 13.a3 Rd8  1/2-1/2

[Event "ch-TUR"]
[Site "Kusadasi TUR"]
[Date "2004.03.06"]
[Round "11"]
[White "Esen,B"]
[Black "Yagiz,Y"]
[Result "1-0"]
[WhiteElo "2263"]
[BlackElo "2199"]

1.d4 Nf6 2.Bg5 d5 3.c3 Nbd7 4.Nd2 g6 5.e3 Bg7 6.f4 c6 7.Bd3 Qb6 8.b4 Ng8
9.Ne2 f6 10.Bh4 e5 11.fxe5 fxe5 12.O-O Ngf6 13.Qc2 e4 14.Bxe4 dxe4 15.Nc4 Qc7
16.Bg3 Qd8 17.Nd6+ Kf8 18.Qb3 Qe7 19.Nf4 Nb6 20.Nxc8 Rxc8 21.Ne6+ Kg8 22.Nxg7+ Kxg7
23.Rxf6 Nd5 24.Rff1 Rhf8 25.c4 Nxb4 26.d5 cxd5 27.cxd5 Nd3 28.d6 Qd7 29.Qd5 Rfe8
30.Qd4+ Kg8 31.Qxa7 Rc6 32.Rab1 Nc5 33.Rbc1 Rec8 34.Qa3 Qe6 35.Qa5 Ra6 36.Qb5 Rac6
37.Rfd1  1-0

[Event "FSGM March"]
[Site "Budapest HUN"]
[Date "2004.03.07"]
[Round "2"]
[White "Nguyen Ngoc Truongson"]
[Black "Paschall,W"]
[Result "1/2-1/2"]
[WhiteElo "2436"]
[BlackElo "2401"]

1.d4 Nf6 2.Bg5 d5 3.Bxf6 gxf6 4.e3 c5 5.c3 e6 6.Nd2 Nc6 7.Bd3 cxd4 8.cxd4 Bd7
9.Ne2 f5 10.a3 Bd6 11.Nf3 Rc8 12.b4 a5 13.b5 Ne7 14.a4 f6 15.Nd2 e5 16.f4 e4
17.Bc2 h5 18.Bb3 Kf7 19.Rc1 Rxc1 20.Qxc1 Be6 21.Qc2 Bb4 22.Kf2 Qd6 23.Nb1 b6
24.Rc1 Rc8 25.Qd1 Rxc1 26.Nxc1 Kg6 27.Na2 Kh6 28.Qc1 Kg6  1/2-1/2

[Event "FSGM March"]
[Site "Budapest HUN"]
[Date "2004.03.11"]
[Round "6"]
[White "Nguyen Ngoc Truongson"]
[Black "Vajda,L"]
[Result "1/2-1/2"]
[WhiteElo "2436"]
[BlackElo "2482"]

1.d4 Nf6 2.Bg5 d5 3.Bxf6 gxf6 4.e3 c6 5.c4 dxc4 6.Bxc4 e6 7.Nf3 Qa5+ 8.Nbd2 Nd7
9.O-O Nb6 10.e4 Bd7 11.a3 c5 12.d5 Nxc4 13.Nxc4 Qa6 14.Ne3 O-O-O 15.Qc2 Kb8
16.Qc3 Be7 17.Rfd1 Rhg8 18.Rd2 h5 19.e5 f5 20.d6 Bf8 21.Qxc5 Rc8 22.Qd4 Bh6
23.Rc2 Rxc2 24.Nxc2 Qe2 25.Qc3 Rc8 26.Ncd4 Qe4 27.Qb4 Bc1 28.h3 Qd5 29.a4 Rc4
30.Qb3 Qc5 31.Ne2 Bh6 32.Ne1 Bd2 33.Nf3 Ba5 34.Qe3 Qb4 35.b3 Bb6 36.Qd3 Rc5
37.Rc1 a5 38.Rxc5 Qxc5 39.Ned4 Qc1+ 40.Kh2 Qf4+ 41.Kg1 Qc1+ 42.Kh2 Qf4+ 43.Kg1 Qc1+
44.Qf1 Qf4 45.Qc4 Qe4 46.Qc3 Qb1+ 47.Kh2 Qd1 48.Qe3 Ka8 49.Kg3 Qb1 50.Kh2 Qe4
51.Kg1 Ka7 52.Qc3 Kb8 53.Qc4 Ka8 54.Qc3 Kb8 55.Qc4 Ka8 56.Qc3  1/2-1/2

[Event "Petrosian Mem"]
[Site "Stepanakert AZE"]
[Date "2004.03.15"]
[Round "7"]
[White "Anastasian,A"]
[Black "Ghaem Maghami,E"]
[Result "0-1"]
[WhiteElo "2587"]
[BlackElo "2549"]

1.d4 Nf6 2.Bg5 d5 3.e3 Ne4 4.Bf4 c5 5.c3 Nc6 6.Bd3 Nf6 7.Nd2 g6 8.Ngf3 Bg7
9.h3 O-O 10.O-O Nd7 11.Bb5 a6 12.Bxc6 bxc6 13.b4 c4 14.e4 a5 15.a3 Re8 16.Re1 Bb7
17.h4 h6 18.e5 Nf8 19.Nf1 Bc8 20.Qd2 h5 21.Bh6 Bf5 22.Ng3 Qd7 23.Bxg7 Kxg7
24.e6 Bxe6 25.Ne5 Qd6 26.Re3 f6 27.Nxh5+ gxh5 28.Rg3+ Bg4 29.f3 fxe5 30.fxg4 Nh7
31.gxh5+ Kh8 32.Rg6 e6 33.Qh6 Qf8 34.Qe3 Qf4 35.Qh3 exd4 36.Re1 axb4 37.Rg4 Qh6
38.axb4 dxc3 39.Rf1 e5 40.Qxc3 d4 41.Qxc4 Rf8 42.Re1 Qxh5 43.Rge4 Rae8 44.Qc5 Rf5  0-1

[Event "Blitz"]
[Site "Reykjavik ISL"]
[Date "2004.03.17"]
[Round "14"]
[White "Carlsen,M"]
[Black "Short,N"]
[Result "0-1"]
[WhiteElo "2484"]
[BlackElo "2702"]

1.d4 Nf6 2.Bg5 c5 3.d5 Qb6 4.Nc3 Qxb2 5.Bd2 Qb6 6.e4 d6 7.f4 g6 8.Nf3 Bg7
9.Rb1 Qd8 10.e5 dxe5 11.Bb5+ Nfd7 12.fxe5 a6 13.Bxd7+ Nxd7 14.Qe2 O-O 15.a4 Qc7
16.Bf4 g5 17.d6 exd6 18.Nd5 Qa5+ 19.Bd2 Qxa4 20.exd6 Nf6 21.Ne7+ Kh8 22.O-O Qe4
23.Qf2 h6 24.Rbe1 Qxc2 25.Ne5 Be6 26.Rc1 Qh7 27.Rce1 Ne4 28.Rxe4 Qxe4 29.Bc3 Rad8
30.Qb2 Kh7 31.Re1 Qa4 32.Qb1+ f5 33.N5g6 Bxc3 34.Rxe6 Qb4 35.Qf1  0-1

[Event "TCh-CZE Extraliga 2003-4"]
[Site "Czech Rep CZE"]
[Date "2004.03.20"]
[Round "8"]
[White "Sabol,M"]
[Black "Sobek,J"]
[Result "0-1"]
[WhiteElo "2302"]
[BlackElo "2316"]

1.d4 Nf6 2.Bg5 c5 3.Bxf6 gxf6 4.d5 Qb6 5.b3 f5 6.e3 Qf6 7.c3 e5 8.g3 Be7
9.a4 h5 10.Na3 d6 11.Qd2 h4 12.O-O-O Nd7 13.Bb5 a6 14.Bxd7+ Bxd7 15.Ne2 b5
16.a5 Bf8 17.Nb1 Bg7 18.f4 Rb8 19.fxe5 Qxe5 20.Nf4 b4 21.c4 Kf8 22.Rde1 Re8
23.Rhf1 hxg3 24.hxg3 Kg8 25.Nd3 Qa1 26.Qf2 Re7 27.Re2 Re4 28.Nf4 Qf6 29.Qf3 Qg5
30.Nd2 Re7 31.Rh1 Rxh1+ 32.Qxh1 Qxg3 33.Nh5 Qe5 34.Nb1 Bh6 35.Kd1 f4 36.Rg2+ Kf8
37.Nxf4 Bxf4 38.exf4 Qd4+ 39.Rd2 Qa1 40.Qh6+ Ke8 41.Qh7 Bg4+  0-1

[Event "TCh-CZE Extraliga 2003-4"]
[Site "Czech Rep CZE"]
[Date "2004.03.21"]
[Round "9"]
[White "Sabol,M"]
[Black "Klima,L"]
[Result "1-0"]
[WhiteElo "2302"]
[BlackElo "2431"]

1.d4 Nf6 2.Bg5 d5 3.Bxf6 exf6 4.e3 c6 5.c4 Be6 6.cxd5 Bxd5 7.Nc3 Bb4 8.a3 Ba5
9.Nf3 O-O 10.b4 Bc7 11.Nxd5 Qxd5 12.Bd3 a5 13.O-O axb4 14.axb4 Nd7 15.Qc2 g6
16.b5 Bd6 17.Bc4 Rxa1 18.Bxd5 Rxf1+ 19.Kxf1 cxd5 20.Qa2 Nb6 21.Qa7 Bc7 22.Qxb7 Rc8
23.Ne1 Bd8 24.Nd3 Kg7 25.Nc5 Kg8 26.g4 f5 27.gxf5 gxf5 28.Kg2 Kf8 29.Nd7+  1-0

[Event "5th ch-EURw"]
[Site "Dresden GER"]
[Date "2004.03.21"]
[Round "1"]
[White "Shmirina,G"]
[Black "Ciuksyte,D"]
[Result "1-0"]
[WhiteElo "2120"]
[BlackElo "2392"]

1.d4 Nf6 2.Bg5 d5 3.Bxf6 exf6 4.e3 Bd6 5.Bd3 O-O 6.Ne2 f5 7.g3 g6 8.c4 dxc4
9.Bxc4 c6 10.O-O Nd7 11.Nbc3 Nf6 12.Nf4 Kg7 13.Rc1 Bd7 14.a3 Qe7 15.Qe2 h5
16.b4 h4 17.d5 hxg3 18.hxg3 Rh8 19.Kg2 Bxf4 20.exf4 Qxe2 21.Bxe2 cxd5 22.Bf3 d4
23.Nb1 Bb5 24.Rfd1 Rad8 25.Bxb7 Ne4 26.Bc6 Be2 27.Rh1 Rxh1 28.Rxh1 d3 29.Ba4 d2
30.Bd1 Bxd1 31.Rxd1 Rc8 32.Nxd2 Rd8 33.Nxe4 Rxd1 34.Nc5 Rc1 35.Kh3 Kf6 36.Kg2 Ke7
37.Kh3 Kd6 38.Nd3 Rc3 39.Ne5 Rxa3 40.Nc4+  1-0

[Event "5th ch-EURw"]
[Site "Dresden GER"]
[Date "2004.03.21"]
[Round "1"]
[White "Yildiz,B"]
[Black "Pogonina,N"]
[Result "0-1"]
[WhiteElo "2118"]
[BlackElo "2382"]

1.d4 Nf6 2.Bg5 c5 3.Bxf6 gxf6 4.d5 Qb6 5.Qc1 f5 6.g3 d6 7.Bg2 Nd7 8.c3 Nf6
9.Nd2 Bh6 10.e3 Bd7 11.Ne2 O-O-O 12.a4 e6 13.dxe6 fxe6 14.O-O Bc6 15.Qc2 Bxg2
16.Kxg2 d5 17.Rad1 Kb8 18.c4 Ng4 19.cxd5 Rxd5 20.e4 fxe4 21.Nxe4 Qc6 22.Rxd5 exd5
23.N4c3 d4+ 24.Qe4 Qxe4+ 25.Nxe4 Re8 26.f3 Ne3+ 27.Kf2 Nxf1 28.Kxf1 Be3 29.Ke1 Rc8
30.Kd1 Rc6 31.g4 Rh6 32.N4g3 Rxh2 33.Nf5 d3 34.Neg3 Rg2 35.Nxe3 Rxg3 36.Kd2 Rxf3
37.Kxd3 Rf2 38.b3 Kc7 39.Nd5+ Kd6  0-1

[Event "14th Asian Cities"]
[Site "Tagaytay City PHI"]
[Date "2004.03.23"]
[Round "4"]
[White "Torre,E"]
[Black "Megaranto,S"]
[Result "1/2-1/2"]
[WhiteElo "2521"]
[BlackElo "2458"]

1.d4 d5 2.Bg5 Nf6 3.e3 c6 4.Nf3 Bf5 5.Bxf6 exf6 6.Bd3 Bxd3 7.Qxd3 Bd6 8.O-O O-O
9.c4 dxc4 10.Qxc4 Nd7 11.Nc3 Re8 12.e4 Qa5 13.a3 Rad8 14.g3 Qh5 15.Kg2 Nf8
16.h3 Ne6 17.d5 cxd5 18.exd5 Nc5 19.Rfe1 a6 20.Rxe8+ Rxe8 21.Re1 Rxe1 22.Nxe1 b5
23.Qd4 Qe5 24.Nf3 Qxd4 25.Nxd4 g6 26.b4 Nb7 27.Ne4 f5 28.Nf6+ Kf8 29.Nxh7+ Kg7
30.Ng5 Be5 31.Ngf3 Kf6 32.Nc2 Bb2 33.Nfe1 Nd6 34.Nd3 Nc4 35.Nxb2 Nxb2 36.f4 Nc4
37.Kf3 Ke7 38.g4 fxg4+ 39.hxg4 Kd6 40.Ke4 f6 41.Kd4 Nd2 42.Ne3 Nf3+ 43.Kd3 Kd7
44.Nd1 Kd6 45.Ne3 Kd7 46.Nd1 Kd6 47.Ne3  1/2-1/2

[Event "5th ch-EURw"]
[Site "Dresden GER"]
[Date "2004.03.27"]
[Round "7"]
[White "Yildiz,B"]
[Black "Tsiganova,M"]
[Result "0-1"]
[WhiteElo "2118"]
[BlackElo "2269"]

1.d4 Nf6 2.Bg5 d5 3.Bxf6 exf6 4.e3 c6 5.Bd3 Bd6 6.c3 O-O 7.Qc2 h6 8.Nd2 Re8
9.Ngf3 a5 10.a4 Nd7 11.O-O Nf8 12.Rfe1 Be6 13.e4 dxe4 14.Nxe4 Bc7 15.Nc5 Bg4
16.Nd2 Qd6 17.Nf1 b6 18.Ne4 Qd7 19.Neg3 Rxe1 20.Rxe1 Be6 21.Ne3 g6 22.Rd1 Kg7
23.c4 Qd6 24.d5 cxd5 25.cxd5 Bd7 26.Bb5 Bd8 27.Ne4 Qb4 28.Bxd7 Nxd7 29.d6 f5
30.Nc3 Bg5 31.Ned5 Qxd6 32.Nxb6 Qxb6 33.Rxd7 Qe6 34.Rd1 Rd8 35.h3 Rd2 36.Rxd2 Qe1+
37.Kh2 Bf4+ 38.g3 Bxd2 39.Kg2 h5 40.Qd3 Bg5 41.Qe2 Qc1 42.Nd5 Qc6 43.Qe5+ Kh7
44.h4 Bh6 45.Qd4 Bg7 46.Qd2 Qxa4 47.Kh2 Qb5 48.Nc3 Qc5 49.Na4 Qb5 50.Nc3 Qb3
51.Kg2 a4 52.Nd1 Bf6 53.Kf1 f4 54.gxf4 Qh3+ 55.Ke1 Be7 56.Qe2 Qe6  0-1

[Event "Bundesliga 2003-4"]
[Site "Bremer GER"]
[Date "2004.03.28"]
[Round "13"]
[White "Breutigam,M"]
[Black "Schwarz,Mic"]
[Result "0-1"]
[WhiteElo "2409"]
[BlackElo "2411"]

1.d4 Nf6 2.Bg5 g6 3.Bxf6 exf6 4.g3 Bg7 5.Bg2 O-O 6.e3 d6 7.Ne2 Nc6 8.O-O Bg4
9.h3 Bd7 10.Nbc3 Rb8 11.a4 f5 12.Qd2 Ne7 13.a5 c6 14.d5 c5 15.Rfb1 Qc7 16.Ra2 b5
17.axb6 axb6 18.Rba1 b5 19.Nd1 b4 20.c4 bxc3 21.Nexc3 Rb7 22.Kh2 Rfb8 23.Bf1 h5
24.h4 Be5 25.Kg2 Kg7 26.Bc4 Rb4 27.Be2 Ng8 28.f3 Qd8 29.Nf2 Qf6 30.f4 Bxc3
31.bxc3 Rb3 32.Rc1 Qe7 33.Bf3 Nf6 34.Re1 Qd8 35.Bd1 Rb1 36.c4 Qb6 37.Bc2 Rxe1
38.Qxe1 Qb4 39.Qe2 Re8 40.Bd3 Ba4 41.Rb2 Qc3 42.Rb6 Bb3 43.Ra6 Bxc4 44.Bxc4 Rxe3
45.Qf1 Rxg3+ 46.Kh2 Rf3 47.Nd1 Ng4+ 48.Kg2 Rg3+ 49.Kh1 Rh3+ 50.Kg1 Qg3+ 51.Qg2 Qe1+
52.Qf1  0-1

[Event "5th ch-EURw"]
[Site "Dresden GER"]
[Date "2004.03.28"]
[Round "8"]
[White "Khurtsidze,N"]
[Black "Chasovnikova,E"]
[Result "1-0"]
[WhiteElo "2411"]
[BlackElo "2277"]

1.d4 d5 2.Bg5 Nf6 3.Bxf6 gxf6 4.e3 e5 5.Nf3 c5 6.Bb5+ Nc6 7.dxe5 Rg8 8.c4 a6
9.Ba4 Be6 10.Nc3 dxc4 11.Bxc6+ bxc6 12.Qa4 Rg7 13.Qxc6+ Bd7 14.Qe4 Rg4 15.Qxh7 Qb6
16.O-O-O Rb8 17.Rd2 Bc6 18.Qf5 Rd4 19.Rhd1 Bxf3 20.Qxf3 fxe5 21.exd4 Bh6
22.Na4 Bxd2+ 23.Rxd2 Qh6 24.Qe4 Kf8 25.dxe5 Rb4 26.Nc3 Qxh2 27.Qe3  1-0

[Event "5th ch-EURw"]
[Site "Dresden GER"]
[Date "2004.04.01"]
[Round "11"]
[White "Shmirina,G"]
[Black "Tsiganova,M"]
[Result "0-1"]
[WhiteElo "2120"]
[BlackElo "2269"]

1.d4 Nf6 2.Bg5 d5 3.Bxf6 exf6 4.e3 Bd6 5.c4 dxc4 6.Bxc4 O-O 7.Nf3 c6 8.Qc2 f5
9.O-O Qe7 10.Bd3 g6 11.Nbd2 Be6 12.Nc4 Bc7 13.Rac1 Nd7 14.a3 Bd5 15.Ncd2 Nf6
16.Bc4 Bxc4 17.Nxc4 Rad8 18.g3 Rfe8 19.Nce5 Ne4 20.b4 a6 21.Rb1 Bb8 22.Rfc1 Kg7
23.a4 h5 24.b5 axb5 25.axb5 c5 26.Nc4 cxd4 27.Nxd4 h4 28.Qb2 Kg8 29.b6 hxg3
30.hxg3 f4 31.exf4 Qc5 32.Nb3 Qh5 33.Ne5 Bxe5 34.fxe5 Rxe5 35.Re1 Rde8 36.f4 R5e6
37.Qh2 Qg4 38.Re3 Ng5 39.Rxe6 Nf3+ 40.Kh1 Rxe6 41.Qh6 g5  0-1

[Event "TCh-FRA Nat1 GpB"]
[Site "Montpellier FRA"]
[Date "2004.04.02"]
[Round "5"]
[White "Prie,E"]
[Black "Jeitz,C"]
[Result "1/2-1/2"]
[WhiteElo "2429"]
[BlackElo "2139"]

1.d4 Nf6 2.Bg5 c5 3.dxc5 Qa5+ 4.Qd2 Qxc5 5.Nc3 d6 6.e4 a6 7.O-O-O Nbd7 8.f3 g6
9.h4 b5 10.Nd5 Bg7 11.Be3 Qc6 12.Ne2 Nxd5 13.exd5 Qc7 14.h5 Bb7 15.Bd4 Bxd4
16.Qxd4 Rg8 17.hxg6 hxg6 18.Nc3 O-O-O 19.a4 bxa4 20.Qxa4 Nc5 21.Qd4 Kb8 22.Rh7 Rgf8
23.b3 e5 24.dxe6 Nxe6 25.Qb4 a5 26.Qc4 Qb6 27.Nd5 Qf2 28.Qh4 Qc5 29.Nf6 Qe5
30.Re1 Qc3 31.Rxe6 fxe6 32.Nd7+ Rxd7 33.Rxd7 Qa1+ 34.Kd2 Qxf1 35.Qe7 Qxg2+
36.Kc1 Qxf3 37.Rxb7+  1/2-1/2

[Event "ch-DEN"]
[Site "Koge DEN"]
[Date "2004.04.04"]
[Round "1.1"]
[White "Berg,K"]
[Black "Borbjerggaard,L"]
[Result "1-0"]
[WhiteElo "2436"]
[BlackElo "2376"]

1.d4 Nf6 2.Bg5 d5 3.e3 e6 4.c4 c6 5.Nc3 Nbd7 6.cxd5 exd5 7.Bd3 Be7 8.Nge2 O-O
9.Qc2 Re8 10.O-O Nf8 11.Rab1 Nh5 12.Bxe7 Qxe7 13.b4 a6 14.a4 Be6 15.b5 axb5
16.axb5 Nf6 17.bxc6 bxc6 18.Na4 N8d7 19.Rfc1 Rec8 20.Nf4 Qa3 21.Nxe6 fxe6
22.Ra1 Qb4 23.h3 c5 24.Nxc5 Rxa1 25.Rxa1 Nxc5 26.Rc1 Nxd3 27.Qxc8+ Kf7 28.Rc7+ Kg6
29.Qh8 Qe1+ 30.Kh2 Nh5 31.Qe8+ Kh6 32.Qxe6+ g6 33.Qg8 Nf6 34.Qf8+ Kg5 35.h4+  1-0

[Event "Open ch-NOR"]
[Site "Oslo NOR"]
[Date "2004.04.06"]
[Round "4"]
[White "Svensen,T"]
[Black "Ofstad,P"]
[Result "1-0"]
[WhiteElo "2119"]
[BlackElo "2214"]

1.d4 d5 2.Bg5 Nf6 3.Bxf6 exf6 4.e3 Bd6 5.Bd3 O-O 6.Qf3 c6 7.Nd2 Re8 8.Ne2 a5
9.g4 Na6 10.c3 c5 11.O-O-O c4 12.Bc2 Be6 13.h4 Qd7 14.Rdg1 b5 15.e4 Nc7 16.g5 dxe4
17.Bxe4 f5 18.Bc6 Qc8 19.Bxe8 Qxe8 20.Nf4 Bxf4 21.Qxf4 Nd5 22.Qe5 b4 23.Nb1 f4
24.h5 bxc3 25.bxc3 Qb8 26.Re1 Qf8 27.g6 Rb8 28.h6 gxh6 29.gxf7+ Bxf7 30.Rhg1+ Bg6
31.Qxd5+ Kh8 32.Qe5+ Kg8 33.Qe6+ Kg7 34.Re4 Rxb1+ 35.Kxb1 Qb8+ 36.Kc1  1-0

[Event "Pobeskydi Arcimpex Cup"]
[Site "Frydek Mistek CZE"]
[Date "2004.04.08"]
[Round "1"]
[White "Wiley,To"]
[Black "Toma,K"]
[Result "0-1"]
[WhiteElo "2274"]
[BlackElo "2245"]

1.d4 Nf6 2.Bg5 g6 3.Bxf6 exf6 4.e3 d5 5.c4 Bg7 6.Nc3 dxc4 7.Bxc4 O-O 8.Nge2 c5
9.dxc5 Qa5 10.Rc1 Qxc5 11.Nd5 f5 12.b4 Qd6 13.O-O Nc6 14.Qd2 Ne5 15.Bb3 Ng4
16.g3 Bd7 17.h3 Ne5 18.f4 Nc6 19.b5 Ne7 20.Nf6+ Qxf6 21.Qxd7 Nc8 22.Rfd1 a6
23.bxa6 Qxa6 24.Nc3 Nb6 25.Qe7 Rac8 26.Nd5 Rce8 27.Qc5 Nxd5 28.Bxd5 b6 29.Qc4 Qxc4
30.Bxc4 Rxe3 31.Kf2 Re4 32.Bd5 Rb4 33.Bb3 Bd4+ 34.Kf3 Bc5 35.Rc4 Rxc4 36.Bxc4 Re8
37.Rd3 Re7 38.Bb3 Kg7 39.Bc4 h6 40.h4 g5 41.hxg5 hxg5 42.fxg5 Kg6 43.Rd8 Kxg5
44.Rg8+ Kf6 45.Bb3 Re3+ 46.Kg2 Re2+ 47.Kh3 Bg1 48.g4 f4  0-1